|
|
|
|
| LEADER |
01790nam a2200301 a 4500 |
| 001 |
GR-Antirio1143 |
| 008 |
150305s2000 gr g 000 0 eng d |
| 020 |
|
|
|a 0201612771
|
| 040 |
|
|
|a GrPaTEI
|b gre
|c GR-PaULI
|
| 040 |
|
|
|a GrPaTEI
|b gre
|c GR-PaULI
|
| 082 |
|
0 |
|a 005.1313
|2 21
|
| 100 |
1 |
|
|a Friedman, Frank L.
|
| 245 |
1 |
0 |
|a Problem solving, abstraction & design using C++ /
|c Frank L. Friedman, Eliot B. Koffman.
|
| 250 |
|
|
|a 3rd ed.
|
| 260 |
|
|
|a Reading Massachusetts :
|b Addison Wesley Longman,
|c 2000
|
| 300 |
|
|
|a xxvi, 822 σ. :
|b εικ.
|
| 500 |
|
|
|a Περιλαμβάνει ευρετήριο.
|
| 650 |
|
0 |
|a C ++ ( Computer program language)
|
| 650 |
|
4 |
|a C ++ (Γλώσα προγραμματισμού)
|
| 700 |
1 |
|
|a Koffman, Elliot B.
|
| 710 |
0 |
|
|a Adison Wesley Longman
|
| 942 |
|
|
|2 ddc
|
| 952 |
|
|
|0 0
|1 0
|2 ddc
|4 0
|6 005_131300000000000_FRI
|7 0
|9 263038
|a LISK-2
|b LISK-2
|c BSC
|d 2021-01-17
|e 24
|f 0
|g 0.00
|l 0
|o 005.1313 FRI
|p 2430000007807
|r 2021-01-17 00:00:00
|t 1
|w 2021-01-17
|y BK15
|x 20150305 0 ΧΑΣΑΝΗ 1
|x GrPaTEI - Antirrio
|
| 952 |
|
|
|0 0
|1 0
|2 ddc
|4 0
|6 005_131300000000000_FRI
|7 0
|9 263039
|a LISK-2
|b LISK-2
|c BSC
|d 2021-01-17
|e 24
|f 0
|g 0.00
|l 0
|o 005.1313 FRI
|p 2430000007808
|r 2021-01-17 00:00:00
|t 1
|w 2021-01-17
|y BK15
|x 20150305 0 ΧΑΣΑΝΗ 1
|x GrPaTEI - Antirrio
|
| 952 |
|
|
|0 0
|1 0
|2 ddc
|4 0
|6 005_131300000000000_FRI
|7 0
|9 263040
|a LISK-2
|b LISK-2
|c BSC
|d 2021-01-17
|e 24
|f 0
|g 0.00
|l 0
|o 005.1313 FRI
|p 2430000007809
|r 2021-01-17 00:00:00
|t 1
|w 2021-01-17
|y BK15
|x 20150305 0 ΧΑΣΑΝΗ 1
|x GrPaTEI - Antirrio
|
| 952 |
|
|
|0 0
|1 0
|2 ddc
|4 0
|6 005_131300000000000_FRI
|7 0
|9 263041
|a LISK-2
|b LISK-2
|c BSC
|d 2021-01-17
|e 24
|f 0
|g 0.00
|l 0
|o 005.1313 FRI
|p 2430000007810
|r 2021-01-17 00:00:00
|t 1
|w 2021-01-17
|y BK15
|x 20150305 0 ΧΑΣΑΝΗ 1
|x GrPaTEI - Antirrio
|
| 971 |
|
|
|a .b25709422
|b 15-04-20
|c 12-09-16
|
| 999 |
|
|
|c 151469
|d 151469
|